000 00535nam a2200217 454500
001 078236
003 BD-ChCU
008 Eng
020 _a9788131223192
040 _aDLC
_cDLC
_dBD-ChCU
082 0 0 _a519.5/R165m
100 1 _aRamachandran, Kandethody M
_bTsokas, Chris P
245 1 0 _aMathrmatical statistics with applications
_bx
250 _ax
260 _aUK
_bAcademic Press
_c2009
300 _a824
504 _aIncludes
650 0 _aMathematical statistics
_bMathematics
700 1 _ax
942 _2ddc
_cBK
999 _c78236
_d78236